|
|
|
|
| LEADER |
00000nam a2200000 a 4500 |
| 001 |
vtls008159584 |
| 003 |
SK-MaSNL |
| 005 |
20260302053954.0 |
| 008 |
240314s2005 xo g 000 0 hun |
| 015 |
|
|
|a SNBA2005/08-02827
|
| 020 |
|
|
|a 8071497460
|q (brož.)
|c 210,00 Sk
|
| 035 |
|
|
|a 6D6E564E-BF70-419B-B02D-69D41159A8FF
|
| 035 |
|
|
|a urn:nbn:sk:snk-amlckr
|
| 035 |
|
|
|a urn:nbn:sk:snk-am0091e6
|
| 040 |
|
|
|a SNK
|b slo
|c SNK
|e AACR2
|
| 041 |
0 |
|
|a hun
|
| 044 |
|
|
|a xo
|c SK
|
| 072 |
|
7 |
|a 821.511.1.09
|x Ugrofínske literatúry (o nich)
|2 konspekt
|
| 080 |
|
|
|a 82.09
|2 MDT-MRF
|
| 080 |
|
|
|a (048.8)
|2 MDT-MRF
|
| 080 |
|
|
|a 821.511.141
|2 MDT-MRF
|
| 100 |
1 |
|
|a Szilágyi, Zsófia
|d 1973-
|4 aut
|9 485171
|
| 245 |
1 |
0 |
|a A féllábú ólomkatona
|b irodalmi mű-hibák
|c Szilágyi Szófia
|
| 250 |
|
|
|a 1. kiad.
|
| 260 |
|
|
|a Pozsony
|b Kalligram
|c 2005
|
| 300 |
|
|
|a 322 s.
|c 21 cm
|
| 504 |
|
|
|a Bibliogr. odkazy
|
| 650 |
0 |
7 |
|a maďarská literatúra
|2 SNKPH
|9 1193
|
| 650 |
0 |
7 |
|a literárnovedné rozbory
|2 SNKPH
|9 241582
|
| 655 |
|
7 |
|a štúdie
|2 SNKPH
|9 57033
|
| 752 |
|
|
|a Slovensko
|d Bratislava
|
| 919 |
|
|
|a 80-7149-746-0
|
| 968 |
|
|
|a d821
|
| 999 |
|
|
|c 1111537
|d 1113467
|
| 952 |
|
|
|a SNK
|b SNK
|y PREZ
|7 0
|p 17A0472504
|o snkSC 120374
|i snk2005/10068
|8 0
|0 0
|1 0
|4 0
|d 2005-06-10
|f 1
|l 0
|r 2025-05-29 00:00:00
|w 2026-02-24
|
| 952 |
|
|
|a SNK
|b SNK
|y VYP
|7 0
|p 17A0472505
|o snkSC 120374 D1
|i snk2005/10069
|8 0
|0 0
|1 0
|4 0
|d 2005-06-10
|l 0
|r 2026-02-24 18:03:20
|w 2026-02-24
|